000 00992nam0a22002771 4500
001 rc\823327
005 20250622004026.0
035 _a(NLR Aleph) 006005867
090 _a7277151
_c7277151
100 _a20041129d1983 |||y0rusy50 ca
101 0 _arus
_aeng
_amol
102 _aRU
105 _aa |||||||||
200 1 _aВ парке старинном
_dIn the ancient parkland
_fФото В.М. Синицкого, Г.И. Корниенко
_gАвт.-сост. П.В. Леонтьев
210 _aКишинев
_cТимпул
_d1983
215 _a95 с.
_cил., цв. ил.
_d16х17
300 _aЗагл. также: молд.
300 _aТекст парал.: молд., рус., англ.
510 0 _aIn the ancient parkland
702 1 _aЛеонтьев
_bП.В.
_gПетр Викторович
_4080
702 1 _aСиницкий
_bВ.М.
_4440
801 0 _aRU
_bNLR
_gpsbo
801 1 _aRU
_bELAR
_2rusmarc
852 _aNLR
_bЭ
_jАлТ63/1-М750
942 _cBOOK
980 _aNB